LEADER 01534nam a2200313 i 4500 001 000000241407 003 CaOOAMICUS 005 20251212141512.0 008 150522s1697 ne u000 u fre u 013 $a220312 026 $aa-s, e.m- tses daba (3) 1697 (A) 040 $aSeMil$bita 100 1 $aRémond des Cours, Nicolas.$0(OLS)http://semarc/name/81740 245 14$aLes veritables devoirs de l'homme d'epée. Particulierement d'un gentilhomme. Qui veut réussir dans les armées. Par l'auteur de la Lettre d'Eloïse à Abélard. 250 $aSuivant la Copie de Paris. 260 $aA Amsterdam :$bChez Adrian Braakman,$c1697. 300 $a[16], 244, [8] p., [1] carta di tav. :$bantip. ;$c18°. 500 $aMarca (monogramma dell'ed.) su front. stampato in rosso e nero 500 $aIniz., testatine xilogr. 500 $aSegn.: *8 chi1 A-K12 L4. 650 4$aEsercito francese - Soldati - Condotta.$0(OLS)http://semarc/subject/42348 700 1 $aBraakman, Adriaan,$c.$0(OLS)http://semarc/name/14561 850 $aSeMil 852 $aSeMil$W1$xVenegono$y1$m3F I 337 FA$j191753$B191753$CSeMilBibl$Z2$F202560 $8I 941 1 $a10 961 $aRecupero: Mantegazza 996 $6245$aLes veritables devoirs de l'homme d'epée. Particulierement d'un gentilhomme. Qui veut réussir dans les armées. Par l'auteur de la Lettre d'Eloïse à Abélard$9(OLS)http://semarc/title/343120 996 $6260$aA Amsterdam :$bChez Adrian Braakman$9(OLS)http://semarc/publisher/54574 LEADER 00955nam a2200241 i 4500 001 000000108176 003 CaOOAMICUS 005 20170227000000.0 008 170227s1998 it u000 u ita u 013 $a80796 020 $a88-10-70682-X 040 $aSeMil$bita 100 1 $aCadei, Battista.$0(OLS)http://semarc/name/80048 245 10$aTestimoni di Geova: che fare :$bun'introduzione pratica /$cBattista Cadei. 260 $aLeumann (TO) :$bElle Di Ci,$c1998. 300 $a77 p. ;$c21 cm. 650 4$aTestimoni di Geova.$0(OLS)http://semarc/subject/8655 850 $aSeMil 852 $aSeMil$W1$xVenegono$y1$m5D IX 21/9$j64272$B64272$CSeMilBibl$Z2$F217171 $81 961 $aOmaggio: Altro 996 $6020$a88-10-70682-X$9(OLS)http://semarc/number/273132 996 $6245$aTestimoni di Geova: che fare :$bun'introduzione pratica$9(OLS)http://semarc/title/407434 996 $6260$aLeumann (TO) :$bElle Di Ci$9(OLS)http://semarc/publisher/29654